[Event "Kuwait op 1st"]
[Site "Kuwait City"]
[Date "2025.01.09"]
[Round "5"]
[White "Youssef Ahmed, Youssef"]
[Black "Aldaihani, Turki"]
[Result "1-0"]
[WhiteElo "1898"]
[BlackElo "1781"]
[PlyCount "70"]
[EventDate "2025.01.05"]
[EventType "swiss"]
[EventRounds "9"]
[EventCountry "KUW"]
[SourceTitle "CB03_2025"]
[SourceDate "2025.01.15"]
[SourceVersion "1"]
[SourceVersionDate "2025.01.15"]
[SourceQuality "1"]

1. e4 c6 2. d4 d5 3. e5 a6 4. Bd3 c5 5. c3 Nc6 6. Ne2 e6 7. 0-0 Nge7 8. Nd2 cxd4 9. cxd4 Nf5 10. Nb3 Be7 11. Bd2 h5 12. Rc1 0-0 13. Bxf5 exf5 14. Nf4 g6 15. Nxh5 gxh5 16. Qxh5 f4 17. Bxf4 f6 18. Rc3 Rf7 19. Rg3+ Rg7 20. Rxg7+ Kxg7 21. Bh6+ Kh7 22. Bg5+ Kg7 23. exf6+ Bxf6 24. Qh6+ Kf7 25. Qh7+ Kf8 26. Bh6+ Ke8 27. Qg6+ Kd7 28. Qf7+ Qe7 29. Qxd5+ Qd6 30. Qf7+ Ne7 31. Nc5+ Kc7 32. Ne4 Qd5 33. Bf4+ Kb6 34. Qxf6+ Nc6 35. Nc3 Qd8 1-0

[Event "Kuwait op 1st"]
[Site "Kuwait City"]
[Date "2025.01.08"]
[Round "4"]
[White "Soulayman, Yousef M"]
[Black "Youssef Ahmed, Youssef"]
[Result "0-1"]
[WhiteElo "1694"]
[BlackElo "1898"]
[PlyCount "42"]
[EventDate "2025.01.05"]
[EventType "swiss"]
[EventRounds "9"]
[EventCountry "KUW"]
[SourceTitle "CB03_2025"]
[SourceDate "2025.01.15"]
[SourceVersion "1"]
[SourceVersionDate "2025.01.15"]
[SourceQuality "1"]

1. e4 e5 2. Nc3 Nc6 3. Bc4 Bc5 4. Qg4 g6 5. Qf3 Qf6 6. Qg3 Nge7 7. d3 0-0 8. f4 exf4 9. Bxf4 d6 10. Nge2 Be6 11. Rf1 Qg7 12. Qh4 h5 13. Bg5 Rfe8 14. Rf6 Bxc4 15. dxc4 Ne5 16. 0-0-0 Ng4 17. Rf3 f5 18. Ng3 Ne5 19. Rff1 Nxc4 20. Kb1 fxe4 21. Ncxe4 Qxb2# 0-1

[Event "Kuwait op-A"]
[Site "Kuwait City"]
[Date "2023.12.24"]
[Round "1"]
[White "Youssef Ahmed, Youssef"]
[Black "Al Ghareeb, Salem Faisal"]
[Result "1-0"]
[WhiteElo "2000"]
[BlackElo "1511"]
[PlyCount "87"]
[EventDate "2023.12.24"]
[EventType "tourn"]
[EventRounds "5"]
[EventCountry "KUW"]
[SourceTitle "EXT 2025"]
[Source "ChessBase"]
[SourceDate "2024.10.14"]
[SourceVersion "1"]
[SourceVersionDate "2024.10.14"]
[SourceQuality "1"]

1. e4 c6 2. d4 d5 3. Nd2 dxe4 4. Nxe4 Bf5 5. Ng3 Bg6 6. Bc4 e6 7. Nf3 Nd7 8. 0-0 Be7 9. Re1 Ngf6 10. c3 0-0 11. a4 a5 12. h3 h6 13. Ne2 Nd5 14. Bd2 N7f6 15. Ne5 Bh7 16. Ng3 Bd6 17. Qc1 c5 18. Nf3 Bxg3 19. fxg3 cxd4 20. Nxd4 Qc7 21. Bxd5 Nxd5 22. g4 Rac8 23. Rf1 Qb6 24. Kh1 Bd3 25. Rf3 Be4 26. Rf1 Bd3 27. Re1 Nb4 28. g5 h5 29. Qd1 Nc2 30. Nxc2 Qxb2 31. Nd4 g6 32. Re3 Bc4 33. Rb1 Qa2 34. Qc2 Qa3 35. Nxe6 Bxe6 36. Rxe6 fxe6 37. Qxg6+ Kh8 38. Qxh5+ Kg8 39. Qg6+ Kh8 40. Qh6+ Kg8 41. Qxe6+ Kh8 42. Qh6+ Kg8 43. Qg6+ Kh8 44. Rxb7 1-0